000
00289nam a22001217a 4500
020
_a
969432162X
082
_a
330.15
100
_a
M.A. Mannan
245
_a
Islamic economics theory and practice
260
_a
Lahore
_b
Sh.Muhammad Ashraf publishers
_c
2006
300
_a
383p
942
_c
BK
999
_c
3334
_d
3334